[Event "Steinfurt Bezirksklasse 1718"]
[Site "Germany"]
[Date "2018.01.20"]
[Round "4.4"]
[White "Pieper, Kaya Joel"]
[Black "Krikke, Sebastian"]
[Result "1/2-1/2"]
[WhiteElo "756"]
[BlackElo "1150"]
[PlyCount "127"]
[EventDate "2017.10.07"]
[EventType "team-tourn"]
[EventRounds "7"]
[EventCountry "GER"]
[SourceTitle "EXT 2019"]
[Source "ChessBase"]
[SourceDate "2018.10.10"]
[SourceVersion "1"]
[SourceVersionDate "2018.10.10"]
[SourceQuality "1"]
[WhiteTeam "Emsdetten Rochade VI"]
[BlackTeam "Steinfurt IV"]
[WhiteTeamCountry "GER"]
[BlackTeamCountry "GER"]

1. d4 d5 2. Bf4 Bf5 3. e3 e6 4. c4 Nc6 5. Bd3 Nb4 6. Bxf5 exf5 7. Nf3 dxc4 8. a3 Nd3+ 9. Ke2 Nxf4+ 10. exf4 Bd6 11. g3 h6 12. Qa4+ Qd7 13. Qxc4 Nf6 14. Nc3 0-0 15. Nd5 Qe6+ 16. Ne5 Nxd5 17. Rac1 Bxe5 18. fxe5 Qa6 19. Qxa6 bxa6 20. Rc5 Nb6 21. Rxc7 Rfd8 22. Rd1 Rd7 23. Rc5 Na4 24. Rc2 Rb8 25. b4 a5 26. bxa5 Rb2 27. Rdd2 Rb3 28. d5 Rxa3 29. e6 fxe6 30. dxe6 Rxd2+ 31. Rxd2 Kf8 32. Rd7 Ke8 33. Rxa7 Nc5 34. Rxg7 Nxe6 35. Rg6 Nd4+ 36. Kf1 Rxa5 37. Rxh6 Kf7 38. Kg2 Re5 39. f3 Kg7 40. Rd6 Nb5 41. Rd7+ Kg6 42. g4 f4 43. Rb7 Nc3 44. h4 Nd5 45. h5+ Kg5 46. Kh3 Nf6 47. Rg7+ Kh6 48. Rg6+ Kh7 49. Rxf6 Kg7 50. Rxf4 Kh6 51. Kh4 Re2 52. Rf6+ Kg7 53. f4 Rf2 54. g5 Rf1 55. h6+ Kh7 56. Kh5 Rh1+ 57. Kg4 Rg1+ 58. Kf5 Rf1 59. Rf7+ Kg8 60. g6 Rf2 61. h7+ Kh8 62. Kg5 Rg2+ 63. Kh6 Rxg6+ 64. Kxg6 1/2-1/2

[Event "Steinfurt Bezirksklasse 1718"]
[Site "Germany"]
[Date "2017.11.18"]
[Round "2.3"]
[White "Beyer, Rainer"]
[Black "Krikke, Sebastian"]
[Result "1-0"]
[WhiteElo "1395"]
[BlackElo "1150"]
[PlyCount "111"]
[EventDate "2017.10.07"]
[EventType "team-tourn"]
[EventRounds "7"]
[EventCountry "GER"]
[SourceTitle "EXT 2019"]
[Source "ChessBase"]
[SourceDate "2018.10.10"]
[SourceVersion "1"]
[SourceVersionDate "2018.10.10"]
[SourceQuality "1"]
[WhiteTeam "Rheine CC"]
[BlackTeam "Steinfurt IV"]
[WhiteTeamCountry "GER"]
[BlackTeamCountry "GER"]

1. e4 e5 2. Nf3 Nc6 3. Bc4 Bc5 4. d3 Nf6 5. 0-0 d5 6. exd5 Nxd5 7. Re1 0-0 8. Nxe5 Qf6 9. Nf3 Bg4 10. Bxd5 Nd4 11. c3 Nc6 12. d4 Bd6 13. h3 Bh5 14. Bxc6 bxc6 15. Qd3 Bg6 16. Qc4 Rae8 17. Rxe8 Rxe8 18. Be3 Be4 19. Nbd2 Bd5 20. Qd3 Rb8 21. b3 Re8 22. c4 Be6 23. Re1 Bf5 24. Qc3 c5 25. Qa1 Kf8 26. dxc5 Qxa1 27. Rxa1 Be5 28. Nxe5 Rxe5 29. Nf3 Re6 30. Nd4 Rf6 31. Nxf5 Rxf5 32. Rd1 Ke7 33. Rd5 Rxd5 34. cxd5 Kd7 35. g4 a6 36. Kg2 a5 37. Bd2 c6 38. d6 g6 39. Bxa5 h5 40. gxh5 gxh5 41. Kg3 Ke6 42. Kh4 Kd7 43. Kxh5 Ke6 44. Kg5 f6+ 45. Kf4 Kd5 46. Bb6 Kd4 47. b4 Kc4 48. Ba5 Kc3 49. d7 Kb2 50. d8Q Kxa2 51. Qd3 f5 52. Ke3 f4+ 53. Kd2 f3 54. Kc2 Ka1 55. Qc3+ Ka2 56. Qb2# 1-0

[Event "Steinfurt Bezirksklasse 1617"]
[Site "Germany"]
[Date "2017.02.04"]
[Round "6.5"]
[White "Sieg, Gerhard"]
[Black "Krikke, Sebastian"]
[Result "1-0"]
[WhiteElo "1227"]
[BlackElo "1111"]
[PlyCount "86"]
[EventDate "2016.09.17"]
[EventType "team"]
[EventRounds "10"]
[EventCountry "GER"]
[SourceTitle "EXT 2018"]
[Source "ChessBase"]
[SourceDate "2017.10.13"]
[SourceVersion "1"]
[SourceVersionDate "2017.10.13"]
[SourceQuality "1"]
[WhiteTeam "Emsdetten Rochade VI"]
[BlackTeam "Steinfurt IV"]
[WhiteTeamCountry "GER"]
[BlackTeamCountry "GER"]

1. d4 d5 2. c4 Nf6 3. Nc3 Bf5 4. b3 e6 5. g3 Bb4 6. Bb2 Be4 7. f3 Bf5 8. g4 Bg6 9. Nh3 h6 10. a3 Bxc3+ 11. Bxc3 dxc4 12. Bb4 cxb3 13. Qxb3 Qxd4 14. Bc3 Qd5 15. Qb4 Na6 16. Qa4+ Qc6 17. Qxc6+ bxc6 18. e4 Nc5 19. Bxf6 gxf6 20. Nf4 f5 21. exf5 exf5 22. Rc1 Ne6 23. Nxg6 fxg6 24. Rxc6 Nd4 25. Rc3 0-0-0 26. gxf5 gxf5 27. Kf2 f4 28. Rg1 Rhe8 29. Rc4 Nf5 30. Bh3 Rd2+ 31. Kf1 Rde2 32. Bxf5+ Kb7 33. Be4+ R2xe4 34. fxe4 Rf8 35. Rg6 h5 36. Rg5 Kb6 37. Rxh5 Rf6 38. Ra4 a6 39. Rh4 Rd6 40. Rxf4 c5 41. h4 Rc6 42. e5 Kb5 43. Rac4 Rh6 1-0

[Event "Steinfurt Bezirksklasse 1617"]
[Site "Germany"]
[Date "2017.01.14"]
[Round "5.5"]
[White "Krikke, Sebastian"]
[Black "Bloom, Luca"]
[Result "1-0"]
[WhiteElo "1111"]
[BlackElo "1192"]
[PlyCount "103"]
[EventDate "2016.09.17"]
[EventType "team"]
[EventRounds "10"]
[EventCountry "GER"]
[SourceTitle "EXT 2018"]
[Source "ChessBase"]
[SourceDate "2017.10.13"]
[SourceVersion "1"]
[SourceVersionDate "2017.10.13"]
[SourceQuality "1"]
[WhiteTeam "Steinfurt IV"]
[BlackTeam "Reckenfeld II"]
[WhiteTeamCountry "GER"]
[BlackTeamCountry "GER"]

1. e4 e5 2. Bc4 Nf6 3. Nc3 Bc5 4. Nf3 Nc6 5. d3 d6 6. Bg5 Nd4 7. Nxd4 Bxd4 8. Nd5 Be6 9. Nxf6+ gxf6 10. Bxe6 fxe6 11. Qh5+ Kd7 12. Qf7+ Qe7 13. Qxf6 Qxf6 14. Bxf6 Rhf8 15. Bh4 Bxb2 16. Rb1 Bc3+ 17. Ke2 b6 18. g3 Bd4 19. Rbf1 d5 20. exd5 exd5 21. f4 Rae8 22. Kd1 exf4 23. Rxf4 Be3 24. Rxf8 Rxf8 25. g4 Rf4 26. h3 h5 27. Bg5 Rf3 28. Bxe3 Rxe3 29. g5 Re7 30. Rg1 Rg7 31. Ke2 c5 32. Kf3 Rf7+ 33. Ke3 c4 34. g6 Rg7 35. dxc4 dxc4 36. Kd4 b5 37. Rg5 a6 38. Kc5 Kc7 39. h4 Kb7 40. Kb4 Kb6 41. a4 bxa4 42. Kxa4 c3 43. Kb3 Kc6 44. Kxc3 Kd6 45. Kb4 Ke6 46. Ka5 Kf6 47. Rxh5 Kxg6 48. Rg5+ Kh6 49. Rxg7 Kxg7 50. Kxa6 Kg6 51. c4 Kh5 52. c5 1-0

[Event "Steinfurt Bezirksklasse 1617"]
[Site "Germany"]
[Date "2016.09.17"]
[Round "1.4"]
[White "Kleimann, Luca"]
[Black "Krikke, Sebastian"]
[Result "1/2-1/2"]
[WhiteElo "1182"]
[BlackElo "1111"]
[PlyCount "49"]
[EventDate "2016.09.17"]
[EventType "team"]
[EventRounds "10"]
[EventCountry "GER"]
[SourceTitle "EXT 2018"]
[Source "ChessBase"]
[SourceDate "2017.10.13"]
[SourceVersion "1"]
[SourceVersionDate "2017.10.13"]
[SourceQuality "1"]
[WhiteTeam "Emsdetten Rochade VI"]
[BlackTeam "Steinfurt IV"]
[WhiteTeamCountry "GER"]
[BlackTeamCountry "GER"]

1. e4 e5 2. Nf3 Nc6 3. d4 exd4 4. Nxd4 Bc5 5. Be3 Qf6 6. c3 d6 7. Bc4 Nh6 8. Qf3 Qg6 9. Nxc6 Bxe3 10. fxe3 bxc6 11. h3 Rb8 12. Bb3 0-0 13. Nd2 Be6 14. g4 Rb5 15. Rf1 d5 16. 0-0-0 dxe4 17. Qxe4 Qxe4 18. Nxe4 Bxb3 19. axb3 f6 20. Kc2 Re5 21. Rd4 Re6 22. Kd3 Nf7 23. Nc5 Ne5+ 24. Kd2 Re7 25. Rdf4 1/2-1/2

[Event "Steinfurt Bezirksklasse 1314"]
[Site "Germany"]
[Date "2014.04.05"]
[Round "7.4"]
[White "Krikke, Sebastian"]
[Black "Teschler, Ansgar"]
[Result "0-1"]
[WhiteElo "1066"]
[BlackElo "1262"]
[PlyCount "54"]
[EventDate "2013.10.05"]
[EventType "team-tourn"]
[EventRounds "9"]
[EventCountry "GER"]
[SourceTitle "EXT 2015"]
[Source "ChessBase"]
[SourceDate "2014.11.20"]
[SourceVersion "1"]
[SourceVersionDate "2014.11.20"]
[SourceQuality "1"]
[WhiteTeam "Steinfurt IV"]
[BlackTeam "Reckenfeld II"]
[WhiteTeamCountry "GER"]
[BlackTeamCountry "GER"]

1. e4 e5 2. Nf3 Nf6 3. Nc3 Bb4 4. a3 Bxc3 5. bxc3 0-0 6. Nxe5 Re8 7. d4 d6 8. Nd3 Nxe4 9. Qf3 Ng5+ 10. Qe2 Rxe2+ 11. Bxe2 Nc6 12. 0-0 Bf5 13. d5 Ne5 14. Nb4 Nd7 15. Re1 Ne4 16. c4 Qf6 17. f3 Qxa1 18. fxe4 Bxe4 19. Bg4 Nf6 20. Be2 Qd4+ 21. Kf1 Re8 22. Rd1 Qe5 23. Bd3 Bxd3+ 24. cxd3 Qe2+ 25. Kg1 Qxd1+ 26. Kf2 Qxc1 27. Kf3 Qe3# 0-1

[Event "Steinfurt Bezirksklasse 1314"]
[Site "Germany"]
[Date "2013.11.16"]
[Round "2.4"]
[White "Schroerluecke, Dieter"]
[Black "Krikke, Sebastian"]
[Result "1-0"]
[WhiteElo "1135"]
[BlackElo "1066"]
[PlyCount "113"]
[EventDate "2013.10.05"]
[EventType "team-tourn"]
[EventRounds "9"]
[EventCountry "GER"]
[SourceTitle "EXT 2015"]
[Source "ChessBase"]
[SourceDate "2014.11.20"]
[SourceVersion "1"]
[SourceVersionDate "2014.11.20"]
[SourceQuality "1"]
[WhiteTeam "Ibbenbueren III"]
[BlackTeam "Steinfurt IV"]
[WhiteTeamCountry "GER"]
[BlackTeamCountry "GER"]

1. e4 e5 2. Nf3 Nc6 3. Bc4 Bc5 4. d3 Nf6 5. h3 d5 6. exd5 Nxd5 7. Bxd5 Qxd5 8. 0-0 0-0 9. Nc3 Qe6 10. Ne4 Bb6 11. Nfg5 Qg6 12. Kh2 Nd4 13. Nf3 f6 14. c3 Ne6 15. Qb3 Rf7 16. Nh4 Qh5 17. Nf3 Nf4 18. Bxf4 exf4 19. Ned2 Bf5 20. d4 Re8 21. Rae1 Kf8 22. Rxe8+ Kxe8 23. Re1+ Re7 24. Rxe7+ Kxe7 25. Qb5 c6 26. Qe2+ Kf7 27. Nc4 Bc7 28. Nfe5+ Bxe5 29. Qxh5+ Bg6 30. Nxe5+ fxe5 31. Qxe5 b5 32. Qxf4+ Ke6 33. Qc7 a5 34. Qxc6+ Kf5 35. g3 Kg5 36. d5 Bf7 37. d6 Be6 38. Qxb5+ Kf6 39. c4 a4 40. d7 Ke7 41. c5 Bxd7 42. c6 Be6 43. Qb7+ Kd6 44. c7 Bd5 45. c8Q Bxb7 46. Qxb7 Kc5 47. Qxg7 Kc4 48. f4 Kd3 49. f5 Kc2 50. Qd4 Kc1 51. f6 Kc2 52. f7 a3 53. b3 Kb1 54. f8R Kxa2 55. Qc3 h6 56. Qc2+ Ka1 57. Rf1# 1-0

[Event "Steinfurt Bezirksklasse 1112"]
[Site "Germany"]
[Date "2012.02.25"]
[Round "6.6"]
[White "Brehe, Kai"]
[Black "Krikke, Sebastian"]
[Result "0-1"]
[WhiteElo "816"]
[BlackElo "949"]
[PlyCount "66"]
[EventDate "2011.09.24"]
[EventType "team-tourn"]
[EventRounds "9"]
[EventCountry "GER"]
[SourceTitle "EXT 2013"]
[Source "ChessBase"]
[SourceDate "2012.11.22"]
[SourceVersion "1"]
[SourceVersionDate "2012.11.22"]
[SourceQuality "1"]
[WhiteTeam "Emsdetten Turm IV"]
[BlackTeam "Steinfurt IV"]
[WhiteTeamCountry "GER"]
[BlackTeamCountry "GER"]

1. e4 e5 2. Nf3 Nc6 3. Bb5 Nf6 4. Nc3 d5 5. d3 dxe4 6. Bxc6+ bxc6 7. Bg5 exf3 8. Qxf3 Rb8 9. Qxc6+ Bd7 10. Qf3 Rxb2 11. 0-0 Rxc2 12. Rfc1 Rxc1+ 13. Rxc1 Be7 14. Be3 a6 15. Qg3 0-0 16. Bh6 Nh5 17. Qxe5 gxh6 18. Qxh5 Bg5 19. Rb1 Qe7 20. Qd1 Bf5 21. Ne2 Rd8 22. Rb3 c5 23. d4 Bf6 24. d5 c4 25. Re3 Qc5 26. Qa4 Qb5 27. Qxb5 axb5 28. Nf4 c3 29. Re1 c2 30. d6 Bg5 31. g3 Rxd6 32. Re8+ Kg7 33. Nh5+ Kg6 0-1

[Event "Steinfurt Bezirksklasse 1112"]
[Site "Germany"]
[Date "2011.11.19"]
[Round "3.7"]
[White "Gupta, Kushaagra Shri"]
[Black "Krikke, Sebastian"]
[Result "1-0"]
[WhiteElo "956"]
[BlackElo "949"]
[PlyCount "125"]
[EventDate "2011.09.24"]
[EventType "team-tourn"]
[EventRounds "9"]
[EventCountry "GER"]
[SourceTitle "EXT 2013"]
[Source "ChessBase"]
[SourceDate "2012.11.22"]
[SourceVersion "1"]
[SourceVersionDate "2012.11.22"]
[SourceQuality "1"]
[WhiteTeam "Saerbeck III"]
[BlackTeam "Steinfurt IV"]
[WhiteTeamCountry "GER"]
[BlackTeamCountry "GER"]

1. e4 e5 2. Bc4 c6 3. Nc3 Bb4 4. Nge2 Nf6 5. 0-0 d5 6. Bd3 Bxc3 7. Nxc3 d4 8. Ne2 0-0 9. c3 c5 10. Ng3 Nc6 11. a3 Be6 12. c4 Na5 13. Qc2 Ng4 14. b4 cxb4 15. axb4 Nc6 16. b5 Nb4 17. Qb3 Nxd3 18. Qxd3 Qc7 19. Ra4 Rfc8 20. Qa3 b6 21. d3 Nf6 22. Bd2 Nd7 23. Bb4 Nc5 24. Bxc5 bxc5 25. Rb1 Rcb8 26. Ne2 Bg4 27. Ng3 Be6 28. h3 Bd7 29. Rb3 Rb6 30. Ra5 a6 31. Ne2 axb5 32. Rxa8+ Rb8 33. Rxb8+ Qxb8 34. Qxc5 Qe8 35. cxb5 Bxb5 36. Rxb5 h6 37. f4 exf4 38. Nxf4 f6 39. Rb7 Qa8 40. Qd5+ Kh8 41. Qf7 Qg8 42. Qxg8+ Kxg8 43. Rd7 Kf8 44. Rxd4 Kf7 45. Kf2 Ke7 46. Nh5 g6 47. g4 gxh5 48. gxh5 Ke6 49. Ke3 Ke5 50. Ra4 f5 51. exf5 Kxf5 52. d4 Ke6 53. Ra5 Kd6 54. d5 Kc7 55. Kd4 Kd6 56. Ra6+ Kc7 57. Rxh6 Kd7 58. Ke5 Ke7 59. d6+ Kd7 60. Kd5 Ke8 61. Rh7 Kd8 62. Ke6 Ke8 63. Rh8# 1-0

[Event "Steinfurt Bezirksklasse 1112"]
[Site "Germany"]
[Date "2011.09.24"]
[Round "1.7"]
[White "Kettner, Hubert"]
[Black "Krikke, Sebastian"]
[Result "0-1"]
[WhiteElo "1236"]
[BlackElo "949"]
[PlyCount "90"]
[EventDate "2011.09.24"]
[EventType "team-tourn"]
[EventRounds "9"]
[EventCountry "GER"]
[SourceTitle "EXT 2013"]
[Source "ChessBase"]
[SourceDate "2012.11.22"]
[SourceVersion "1"]
[SourceVersionDate "2012.11.22"]
[SourceQuality "1"]
[WhiteTeam "Reckenfeld II"]
[BlackTeam "Steinfurt IV"]
[WhiteTeamCountry "GER"]
[BlackTeamCountry "GER"]

1. d4 d5 2. c4 Nc6 3. Nf3 Bg4 4. e3 e5 5. Be2 e4 6. Nfd2 Nb4 7. Bxg4 Nd3+ 8. Ke2 Qh4 9. Qa4+ c6 10. Bh3 Qxf2+ 11. Kd1 Qxe3 12. Rf1 Nf2+ 13. Rxf2 Qxf2 14. cxd5 Ne7 15. d6 Nd5 16. d7+ Kd8 17. Nc4 b5 18. Qa5+ Ke7 19. Bg5+ f6 20. d8Q+ Rxd8 21. Qxa7+ Ke8 22. Be6 Be7 23. Nd6+ Rxd6 24. Qa8+ Bd8 25. Bxd5 Qxd4+ 26. Nd2 Qxd5 27. Be3 Qh5+ 28. Kc2 Qxh2 29. Rg1 Qg3 30. Bb6 Qd3+ 31. Kc1 Qxd2+ 32. Kb1 e3 33. Ba5 b4 34. Bxd8 Rxd8 35. Qxc6+ Qd7 36. Qe4+ Qe7 37. Qc6+ Rd7 38. Re1 Kf7 39. Qc4+ Kg6 40. Qg4+ Kf7 41. Qc4+ Qe6 42. Qxb4 e2 43. Rc1 Rd1 44. Qb7+ Kg6 45. Qf3 Rxc1+ 0-1